[Event "CUB-ch U18"]
[Site "Pinar del Rio"]
[Date "2019.07.01"]
[Round "6"]
[White "Rodriguez Rodriguez, Daniel"]
[Black "Ramos Silvera, Roberto Alejandro"]
[Result "1/2-1/2"]
[WhiteElo "2274"]
[BlackElo "2169"]
[PlyCount "67"]
[EventDate "2019.06.28"]
[EventType "swiss"]
[EventRounds "9"]
[EventCountry "CUB"]
[SourceTitle "CBM 195 Extra"]
[Source "ChessBase"]
[SourceDate "2020.05.31"]
[SourceVersion "1"]
[SourceVersionDate "2020.05.31"]
[SourceQuality "1"]

1. e4 c5 2. Nf3 d6 3. d4 cxd4 4. Nxd4 Nf6 5. Nc3 a6 6. h3 e6 7. g4 Be7 8. Bg2 Nfd7 9. 0-0 0-0 10. f4 Nc6 11. Nce2 Nxd4 12. Nxd4 e5 13. Nf5 exf4 14. Bxf4 Ne5 15. Nxe7+ Qxe7 16. Qd4 f6 17. Rad1 Rd8 18. Rf2 Be6 19. Rfd2 Rac8 20. b3 h5 21. gxh5 Bxh3 22. Bxe5 fxe5 23. Qe3 Bg4 24. Bf3 Bxf3 25. Qxf3 Rf8 26. Qg4 Qf6 27. Rg2 Rc7 28. c4 Rcf7 29. Rdd2 Qh6 30. Qg5 Rf1+ 31. Kh2 Qxg5 32. Rxg5 R1f2+ 33. Rg2 R2f6 34. Rg6 1/2-1/2

[Event "CUB-ch U18"]
[Site "Pinar del Rio"]
[Date "2019.06.30"]
[Round "4"]
[White "Saiz Rodriguez, Daniel Evelio"]
[Black "Rodriguez Rodriguez, Daniel"]
[Result "0-1"]
[WhiteElo "2212"]
[BlackElo "2274"]
[PlyCount "120"]
[EventDate "2019.06.28"]
[EventType "swiss"]
[EventRounds "9"]
[EventCountry "CUB"]
[SourceTitle "CBM 195 Extra"]
[Source "ChessBase"]
[SourceDate "2020.05.31"]
[SourceVersion "1"]
[SourceVersionDate "2020.05.31"]
[SourceQuality "1"]

1. e4 e5 2. Nf3 Nc6 3. Bc4 Bc5 4. c3 Nf6 5. d3 d6 6. 0-0 a6 7. a4 Ba7 8. Nbd2 0-0 9. Bb3 Ne7 10. Re1 Ng6 11. Nf1 h6 12. Ng3 Re8 13. h3 b5 14. axb5 axb5 15. Be3 c5 16. Qd2 Be6 17. Bxe6 fxe6 18. Ra6 Bb6 19. Rxa8 Qxa8 20. Bxh6 Qb7 21. Bg5 Ra8 22. h4 Qf7 23. h5 Nf8 24. h6 N8h7 25. Rf1 Ra2 26. Qc2 c4 27. d4 Ng4 28. Qb1 Ra7 29. b3 gxh6 30. Bd2 exd4 31. Nxd4 Qg7 32. bxc4 Bxd4 33. cxd4 Qxd4 34. Qxb5 Rf7 35. Be1 Ng5 36. Qe8+ Kh7 37. Kh1 Qxc4 38. f3 e5 39. Rg1 Nf6 40. Qd8 Qe6 41. Nf5 d5 42. Qd6 dxe4 43. Qxe6 Nxe6 44. Nd6 Rd7 45. Nxe4 Nxe4 46. fxe4 Rd4 47. Bg3 Rxe4 48. Re1 Rxe1+ 49. Bxe1 Kg6 50. g3 Kf5 51. Kg2 Kg4 52. Bd2 Ng5 53. Be3 h5 54. Bc1 Nf3 55. Be3 Ne1+ 56. Kf2 Nd3+ 57. Kg2 e4 58. Bd2 Ne5 59. Bc1 Nc4 60. Bh6 e3 0-1

[Event "CUB Province-chT Schools 54th"]
[Site "Santa Clara"]
[Date "2018.07.14"]
[Round "3.1"]
[White "Rodriguez Rodriguez, Daniel"]
[Black "Perez Leiva, Jerzy Jesus"]
[Result "0-1"]
[WhiteElo "2098"]
[BlackElo "2326"]
[PlyCount "54"]
[EventDate "2018.07.13"]
[EventType "team-swiss"]
[EventRounds "9"]
[EventCountry "CUB"]
[SourceTitle "CBM 195 Extra"]
[Source "ChessBase"]
[SourceDate "2020.05.31"]
[SourceVersion "1"]
[SourceVersionDate "2020.05.31"]
[SourceQuality "1"]
[WhiteTeam "La Habana"]
[BlackTeam "Villa Clara"]
[WhiteTeamCountry "CUB"]
[BlackTeamCountry "CUB"]

1. e4 c5 2. Nf3 Nc6 3. d4 cxd4 4. Nxd4 Nf6 5. Nc3 d6 6. Bg5 e6 7. Qd2 a6 8. 0-0-0 Bd7 9. f4 Be7 10. Nf3 b5 11. e5 b4 12. exf6 bxc3 13. Qxc3 gxf6 14. Bh4 d5 15. a3 Rc8 16. Nd4 Na5 17. Qe3 Ba4 18. Bxa6 Rb8 19. Ne2 Qd6 20. Qd4 Bxc2 21. Kxc2 Qxa6 22. Qa4+ Kf8 23. Rd3 Rxb2+ 24. Kxb2 Qxd3 25. Qxa5 Qxe2+ 26. Kb3 Kg7 27. Qb6 Rc8 0-1

[Event "Havana Cobo Memorial tt"]
[Site "Havana"]
[Date "2018.01.30"]
[Round "6"]
[White "Rodriguez Rodriguez, Daniel"]
[Black "Gutierrez Delgado, Yusuan Alfredo"]
[Result "1/2-1/2"]
[WhiteElo "2189"]
[BlackElo "2268"]
[PlyCount "63"]
[EventDate "2018.01.25"]
[EventType "team-tourn"]
[EventRounds "10"]
[EventCountry "CUB"]
[SourceTitle "EXT 2021"]
[Source "ChessBase"]
[SourceDate "2020.10.23"]
[SourceVersion "1"]
[SourceVersionDate "2020.10.23"]
[SourceQuality "1"]

1. e4 c5 2. Nf3 e6 3. d4 cxd4 4. Nxd4 Nc6 5. Nc3 d6 6. Be2 Nf6 7. 0-0 Be7 8. Be3 0-0 9. f4 a6 10. Kh1 Qc7 11. Qe1 Nxd4 12. Bxd4 b5 13. a3 Nd7 14. Qg3 Bf6 15. Rad1 Bb7 16. Bxf6 Nxf6 17. Bd3 Rad8 18. Qh4 Rfe8 19. e5 dxe5 20. fxe5 Rxd3 21. Rxd3 Qxe5 22. Rg3 Ne4 23. Nxe4 Bxe4 24. c3 f5 25. Rd1 Bd5 26. Rgd3 f4 27. Re1 Qf5 28. Rxd5 Qxd5 29. Qxf4 Rf8 30. Qe3 h6 31. Kg1 Rf6 32. Rf1 1/2-1/2

[Event "Havana Gilberto Garcia Memorial"]
[Site "Havana"]
[Date "2018.??.??"]
[Round "5"]
[White "Otero Marino, Alain"]
[Black "Rodriguez Rodriguez, Daniel"]
[Result "1/2-1/2"]
[WhiteElo "2025"]
[BlackElo "2189"]
[PlyCount "54"]
[EventDate "2018.03.29"]
[EventType "tourn"]
[EventRounds "9"]
[EventCountry "CUB"]
[SourceTitle "EXT 2021"]
[Source "ChessBase"]
[SourceDate "2020.10.23"]
[SourceVersion "1"]
[SourceVersionDate "2020.10.23"]
[SourceQuality "1"]

1. e4 e5 2. Nf3 Nc6 3. Bb5 a6 4. Ba4 Nf6 5. 0-0 Be7 6. Re1 b5 7. Bb3 d6 8. c3 0-0 9. d3 Na5 10. Bc2 c5 11. Nbd2 Qc7 12. Nf1 Nc6 13. Ne3 Re8 14. c4 Nd4 15. Nxd4 cxd4 16. Nd5 Nxd5 17. cxd5 f5 18. f4 Bf6 19. Bb3 Kh8 20. Bd2 a5 21. Rc1 Qe7 22. a4 b4 23. Qf3 fxe4 24. dxe4 Ba6 25. Bc4 Bxc4 26. Rxc4 Rac8 27. Qd3 Qd7 1/2-1/2

[Event "Maria Teresa Mora Memorial Elite"]
[Site "Havana"]
[Date "2018.??.??"]
[Round "9"]
[White "Rodriguez Rodriguez, Daniel"]
[Black "Fernandez Mayola, Reynold Rafael"]
[Result "1/2-1/2"]
[WhiteElo "2279"]
[BlackElo "2266"]
[PlyCount "91"]
[EventDate "2018.03.08"]
[EventType "tourn"]
[EventRounds "9"]
[EventCountry "CUB"]
[EventCategory "1"]
[SourceTitle "EXT 2021"]
[Source "ChessBase"]
[SourceDate "2020.10.23"]
[SourceVersion "1"]
[SourceVersionDate "2020.10.23"]
[SourceQuality "1"]

1. e4 e5 2. Nf3 Nc6 3. Bb5 a6 4. Ba4 Nf6 5. 0-0 Be7 6. d3 b5 7. Bb3 0-0 8. a4 Rb8 9. axb5 axb5 10. Nc3 d6 11. Nd5 Nxd5 12. Bxd5 Nb4 13. Bb3 c5 14. c3 Nc6 15. Bd5 Qc7 16. Be3 Be6 17. d4 Bxd5 18. exd5 exd4 19. cxd4 Nb4 20. Qb3 Qb7 21. Rfd1 Rfd8 22. Rac1 Qxd5 23. Qxd5 Nxd5 24. dxc5 Nxe3 25. fxe3 dxc5 26. Kf2 Rxd1 27. Rxd1 Bf6 28. b3 Ra8 29. Rd5 Rc8 30. Ke2 Kf8 31. Kd3 c4+ 32. Kc2 Ra8 33. Rxb5 Ra2+ 34. Kd1 c3 35. Ne1 Rd2+ 36. Kc1 Re2 37. Kd1 Rxe3 38. Rd5 Ke7 39. Nc2 Re6 40. Rd3 Rd6 41. Ke2 Be5 42. h3 f5 43. Ne3 Ke6 44. Rxd6+ Bxd6 45. Kd3 Be5 46. Nd1 1/2-1/2

[Event "Maria Teresa Mora Memorial Elite"]
[Site "Havana"]
[Date "2018.??.??"]
[Round "5"]
[White "Yanes Canizares, Alejandro"]
[Black "Rodriguez Rodriguez, Daniel"]
[Result "1-0"]
[WhiteElo "2279"]
[BlackElo "2279"]
[PlyCount "63"]
[EventDate "2018.03.08"]
[EventType "tourn"]
[EventRounds "9"]
[EventCountry "CUB"]
[EventCategory "1"]
[SourceTitle "EXT 2021"]
[Source "ChessBase"]
[SourceDate "2020.10.23"]
[SourceVersion "1"]
[SourceVersionDate "2020.10.23"]
[SourceQuality "1"]

1. e4 c5 2. Nf3 e6 3. d4 cxd4 4. Nxd4 a6 5. Bd3 Nf6 6. 0-0 Qc7 7. Nc3 Nc6 8. Nxc6 dxc6 9. Kh1 e5 10. f4 Bc5 11. fxe5 Ng4 12. Qf3 Nxe5 13. Qg3 f6 14. Bf4 Bd6 15. Be2 Be6 16. Rad1 0-0-0 17. Qe3 h5 18. Na4 g5 19. Qa7 Qb8 20. Qxb8+ Kxb8 21. Be3 Ng4 22. Bb6 Rd7 23. h3 Rh6 24. Nc5 Bxc5 25. Bxc5 Ne5 26. Bf8 Rh8 27. Bd6+ Kc8 28. Rxf6 Bc4 29. Bxe5 Bxe2 30. Rxd7 Kxd7 31. Rd6+ Ke7 32. Rd2 1-0

[Event "Pan American-ch U12"]
[Site "Cali"]
[Date "2015.07.02"]
[Round "7"]
[White "Rodriguez Rodriguez, Daniel"]
[Black "Murillo, Oscar"]
[Result "1-0"]
[WhiteElo "1959"]
[BlackElo "1752"]
[PlyCount "67"]
[EventDate "2015.06.28"]
[EventType "swiss"]
[EventRounds "9"]
[EventCountry "COL"]
[SourceTitle "EXT 2016"]
[Source "ChessBase"]
[SourceDate "2015.10.08"]
[SourceVersion "1"]
[SourceVersionDate "2015.10.08"]
[SourceQuality "1"]

1. e4 e5 2. Nf3 Nf6 3. Nxe5 d6 4. Nf3 Nxe4 5. d3 Nf6 6. Nc3 Nc6 7. Be2 Bf5 8. Bf4 Be7 9. Qd2 Qd7 10. h3 h6 11. 0-0-0 0-0-0 12. a3 Be6 13. d4 Nd5 14. Nxd5 Bxd5 15. c4 Be4 16. d5 Nb8 17. Qe3 Bg6 18. Nd4 a6 19. Rhe1 h5 20. g4 Bf6 21. Qb3 Bxd4 22. Rxd4 Rhe8 23. Rdd1 Re4 24. Be3 hxg4 25. hxg4 f5 26. f3 Ree8 27. Bg5 f4 28. Bxd8 Re3 29. Bd3 Rxd3 30. Rxd3 Bxd3 31. Qxd3 Qxd8 32. Qf5+ Nd7 33. Qf7 Nf6 34. Re7 1-0